| 000 | 00941nam a22002535a 4500 | ||
|---|---|---|---|
| 003 | OSt | ||
| 005 | 20170305152104.0 | ||
| 008 | 170226s2011 ua frb 000 0 ara d | ||
| 015 | _a2010 / 24599 | ||
| 020 | _a9789770466147 | ||
| 040 |
_aEG-ScBUE _bara _cEG-ScBUE |
||
| 043 | _af-ua--- | ||
| 082 | 0 | 4 |
_222 _a345.62025 _bح م ا |
| 100 | 1 | _aحمامي، عمر أبو الفتوح عبد العظيم. | |
| 245 | 1 | 2 |
_aالإتجار بالأعضاء البشرية بين الواقع والقانون : _bدراسة مقارنة / _cعمر أبو الفتوح الحمامي. |
| 250 | _aط. 1. | ||
| 260 |
_aالقاهرة : _bدار النهضة العربية، _c2011. |
||
| 300 |
_a657 ص. ؛ _c24 سم. |
||
| 504 | _aيشتمل على إرجاعات ببليوجرافية. | ||
| 650 | 7 |
_2BUEsh _aزرع الأعضاء _xقوانين وتشريعات _zمصر. |
|
| 651 | _2BUEsh | ||
| 653 |
_bLLAAWW _cMarch2017 |
||
| 942 | _2ddc | ||
| 999 |
_c24328 _d24300 |
||